000 00515nam a2200217Ia 4500
003 OSt
005 20221005121237.0
006 a|||||r|||| 00| 0
007 ta
008 221004b |||||||| |||| 00| 0 eng d
024 _a31767
037 _cTextual
040 _aCRL
_cCRL
_beng
041 _2eng
_aeng
082 _a72:M8, H9
100 _aRadhakrishnan S
245 0 _aGreat Indians,etc.
260 _c1949
942 _h72:M8, H9
_cTEXL
_2cc
999 _c1040561
_d1040561